Συσκεύαι ανιχνεύσεως και απαριθμήσεως φορτισμένων σωματιδίων και ακτίνων γάμμα
Αποθηκεύτηκε σε:
| Κύριος συγγραφέας: | |
|---|---|
| Μορφή: | Βιβλίο |
| Γλώσσα: | Greek |
| Δημοσίευση: |
Αθήναι :
[χ.ό],
1966.
|
| Θέματα: | |
| Ετικέτες: |
Προσθήκη ετικέτας
Δεν υπάρχουν, Καταχωρήστε ετικέτα πρώτοι!
|
MARC
| LEADER | 00000cam a2200000 a 4500 | ||
|---|---|---|---|
| 001 | 1/107520 | ||
| 008 | 150717s1966####gr | ||| |||| ||gre|| | ||
| 040 | |a GR-MyUa |b gre |c GR-MyUa |e AACR2 | ||
| 041 | 0 | |a gre | |
| 082 | 7 | |a 539.7222 |2 (23) | |
| 100 | 1 | |a Μουσούρος, Π. Κ. | |
| 245 | 1 | 0 | |a Συσκεύαι ανιχνεύσεως και απαριθμήσεως φορτισμένων σωματιδίων και ακτίνων γάμμα / |c Π. Κ. Μουσούρου. |
| 260 | |a Αθήναι : |b [χ.ό], |c 1966. | ||
| 300 | |a 83 σ. : |b σχέδια ; |c 24 εκ. | ||
| 500 | |a Στη σ.τ. υπάρχει ιδιόχειρη αφιέρωση "Είς τον καθηγητή μου κ. Π. Μάγειρα είς ένδειξην βαθήτατης εκτιμήσεως. Υπογραφή". | ||
| 500 | |a Δακτυλογραφημένη και πολυγραφημένη έκδοση. | ||
| 650 | 0 | |a Gamma rays |x Measurement. | |
| 852 | |a INST |b SAMOS |c MAG |e 20150717 |h 539.7222 ΜΟΥ |p 005300035624 |q 005300035624 |t BK |y 0 | ||
| 970 | |a Σιτζίμη |b Γιασεμή |z 17/07/2015 | ||